Az iskolának vagy az életnek tanulunk?
Elmentve itt :
| Szerző: | |
|---|---|
| Dokumentumtípus: | Cikk |
| Megjelent: |
2001
|
| Sorozat: | BUDAPESTI NEVELŐ
2001 No. 1 |
| mtmt: | 1158495 |
| Online Access: | http://publicatio.bibl.u-szeged.hu/11287 |
| LEADER | 00597nab a2200181 i 4500 | ||
|---|---|---|---|
| 001 | publ11287 | ||
| 005 | 20200226084926.0 | ||
| 008 | 170423s2001 hu o 0|| zxx d | ||
| 022 | |a 0133-2228 | ||
| 024 | 7 | |a 1158495 |2 mtmt | |
| 040 | |a SZTE Publicatio Repozitórium |b hun | ||
| 041 | |a zxx | ||
| 100 | 1 | |a Csapó Benő | |
| 245 | 1 | 3 | |a Az iskolának vagy az életnek tanulunk? |h [elektronikus dokumentum] / |c Csapó Benő |
| 260 | |c 2001 | ||
| 300 | |a 53-59 | ||
| 490 | 0 | |a BUDAPESTI NEVELŐ |v 2001 No. 1 | |
| 856 | 4 | 0 | |u http://publicatio.bibl.u-szeged.hu/11287/7/2001_Csapo_AzEletnekVagyAzIskolanak.pdf |z Dokumentum-elérés |